| 000 | 01734nam a2200373 a 4500 | ||
|---|---|---|---|
| 001 | ebr10676712 | ||
| 003 | CaPaEBR | ||
| 006 | m u | ||
| 007 | cr cn||||||||| | ||
| 008 | 080424s2008 nyua sb 001 0 eng d | ||
| 010 | _z 2008018272 | ||
| 020 | _z9781604567298 (hardcover) | ||
| 020 | _z1604567295 (hardcover) | ||
| 020 | _z9781616680961 (e-book) | ||
| 040 |
_aCaPaEBR _cCaPaEBR |
||
| 035 | _a(OCoLC)841168033 | ||
| 043 | _ae------ | ||
| 050 | 1 | 4 |
_aLB2331.65.E85 _bE84 2008eb |
| 082 | 0 | 4 |
_a378.4 _222 |
| 245 | 0 | 0 |
_aEssays on supportive peer review _h[electronic resource] / _cAlberto Amaral ... [et al.], editors. |
| 260 |
_aNew York : _bNova Science Publishers, Inc., _cc2008. |
||
| 300 |
_avi, 295 p. : _bill. |
||
| 504 | _aIncludes bibliographical references and index. | ||
| 505 | 0 | _apt. 1. Introduction on the EUA institutional evaluation -- pt. 2. Methodology of the institutional evaluation programme : concepts and practices -- pt. 3. Experiences : looking back and picking up -- pt. 4. The IEP in a changing world : perceptions and perspectives -- pt. 5. Conclusion. | |
| 533 |
_aElectronic reproduction. _bPalo Alto, Calif. : _cebrary, _d2013. _nAvailable via World Wide Web. _nAccess may be limited to ebrary affiliated libraries. |
||
| 610 | 2 | 0 |
_aEuropean University Association. _bInstitutional Evaluation Programme. |
| 650 | 0 |
_aEducation, Higher _zEurope _xEvaluation. |
|
| 650 | 0 |
_aEducational accountability _zEurope. |
|
| 650 | 0 | _aQuality (Philosophy) | |
| 655 | 7 |
_aElectronic books. _2local |
|
| 700 | 1 | _aAmaral, Alberto. | |
| 710 | 2 | _aebrary, Inc. | |
| 856 | 4 | 0 |
_uhttp://site.ebrary.com/lib/rucke/Doc?id=10676712 _zAn electronic book accessible through the World Wide Web; click to view |
| 999 |
_c58461 _d58461 |
||